Présidents de la République Française par images aléatoires - Statistiques

Statistiques générales
  • Ce quiz a été pris 697 fois
  • Le résultat moyen est 5 sur 9
Statistiques - réponses
Par images Réponse % Correct
Emmanuel Macron
95%
François Hollande
95%
Jacques Chirac
93%
Nicolas Sarkozy
91%
Valéry Giscard d'Estaing
91%
Charles de Gaulle
88%
François Mitterrand
87%
Georges Pompidou
87%
Louis-Napoléon Bonaparte
51%
René Coty
50%
Vincent Auriol
49%
Adolphe Thiers
48%
Sadi Carnot
42%
Paul Doumer
39%
Patrice de Mac Mahon
38%
Félix Faure
34%
Albert Lebrun
31%
Paul Deschanel
31%
Raymond Poincaré
24%
Alexandre Millerand
23%
Jules Grévy
23%
Jean Casimir-Perier
22%
Armand Fallières
20%
Émile Loubet
20%
Gaston Doumergue
20%
Aucun quiz correspondant
Distribution des résultats
% des personnes avec chaque résultat
Percentile par nombre de réponses
Votre historique - résultats
Vous n’avez pas pris ce quiz